Kin, Clan and land reforms (Record no. 353365)

000 -LEADER
fixed length control field 00332cam a22001217a 4500
008 - FIXED-LENGTH DATA ELEMENTS--GENERAL INFORMATION
fixed length control field 180718b1985 xxu||||| |||| 00| 0 eng d
082 ## - DEWEY DECIMAL CLASSIFICATION NUMBER
Classification number Y15x5413 Si64k
100 ## - MAIN ENTRY--PERSONAL NAME
Personal name Singh, R.A.P.
245 ## - TITLE STATEMENT
Title Kin, Clan and land reforms
Statement of responsibility, etc. by R.A.P. Singh
260 ## - PUBLICATION, DISTRIBUTION, ETC.
Place of publication, distribution, etc. Jaipur
Name of publisher, distributor, etc. Rawat
Date of publication, distribution, etc. 1985
300 ## - PHYSICAL DESCRIPTION
Extent 266p.
650 ## - SUBJECT ADDED ENTRY--TOPICAL TERM
Topical term or geographic name entry element Land tenure - India - Bihar
Holdings
Withdrawn status Lost status Damaged status Not for loan Permanent Location Current Location Date acquired Full call number Barcode Date last seen Price effective from Koha item type
        Indian Institute of Public Administration Indian Institute of Public Administration 1993-12-02 Y15x5413 Si64k 60922 2018-07-21 2018-07-21 Book

Powered by Koha